K chápaniu súčasnej svetovej politiky v teórii medzinárodných vzťahov (sociologické aspekty)
Sociologické aspekty chápania súčasnej svetovej politiky v teórii medzinárodných vzťahov. Svetová politika ako špecifická časť medzinárodných vzťahov. Náčrt širšieho a užšieho chápania svetovej politiky. K základným črtám súčasnej svetovej politiky. Svetová politika a protirečivosť globalizačných pr...
Guardado en:
| Autor principal: | |
|---|---|
| Formato: | Capítulo de libro |
| Lenguaje: | eslovaco |
| Materias: | |
| Etiquetas: |
Sin Etiquetas, Sea el primero en etiquetar este registro!
|
MARC
| LEADER | 00000naa$a2200000$$$4500 | ||
|---|---|---|---|
| 001 | 0026134 | ||
| 005 | 20240502071424.4 | ||
| 041 | 0 | |a slo | |
| 044 | |a SK | ||
| 245 | 1 | 0 | |a K chápaniu súčasnej svetovej politiky v teórii medzinárodných vzťahov |b (sociologické aspekty) |c František Škvrnda |
| 520 | |a Sociologické aspekty chápania súčasnej svetovej politiky v teórii medzinárodných vzťahov. Svetová politika ako špecifická časť medzinárodných vzťahov. Náčrt širšieho a užšieho chápania svetovej politiky. K základným črtám súčasnej svetovej politiky. Svetová politika a protirečivosť globalizačných procesov. Svetová politika a aktéri medzinárodných vzťahov. | ||
| 610 | 2 | 0 | |a politika svetová |
| 610 | 2 | 0 | |a vzťahy medzinárodné |
| 610 | 2 | 0 | |a sociológia |
| 610 | 2 | 0 | |a globalizácia |
| 610 | 2 | 0 | |a pojmy |
| 610 | 2 | 0 | |a vzťahy politické medzinárodné |
| 100 | 1 | |a Škvrnda, František | |